Nariadenie Slovenskej republiky rád číslo 1823/1919 - faksimile dokumentu propagačný plagát

Bibliographic Details
Format: Photo
Language:Slovak
PhysicalDescription:1 plagát farebný; na ružovom podklade text čiernej farby 42 x 29 cm
Published: Prešov 1919
Subjects:

MARC

LEADER 00000nkm a2200000 a 4500
001 vtls011784436
003 SK-MaSNL
005 20260425223931.0
007 kf bo
008 240409s1997 xo g kuslo
035 |a urn:nbn:sk:snk-km00ec9c 
035 |a urn:nbn:sk:snk-km43eww 
035 |a 4F7454F8-604B-49A7-AC7E-A3CDA45A1BC1 
040 |a SNK  |b slo  |c SNK  |e AACR2 
041 0 |a slo 
043 |a e-xo--- 
044 |a xo  |c SK 
072 7 |a 394  |x Verejný a spoločenský život. Každodenný život  |2 konspekt 
080 |a 394.46  |2 2011 
080 |a (084.5)  |2 2011 
245 0 0 |a Nariadenie Slovenskej republiky rád číslo 1823/1919 - faksimile dokumentu  |b propagačný plagát  |h grafika 
260 |a Prešov  |c 1919 
300 |a 1 plagát  |b farebný; na ružovom podklade text čiernej farby  |c 42 x 29 cm 
648 7 |a 29. apríla 1919  |2 SNKPH  |9 354699 
650 0 7 |a retrospektívna tlač  |2 SNKPH  |9 354608 
651 7 |a Slovensko  |2 SNKPH  |9 14231 
655 7 |a plagáty  |2 SNKPH  |9 70571 
852 |a Slovenská národná knižnica v Martine 
958 |a CP 
999 |c 599674  |d 601604 
952 |a SNKLM  |b SNKLM  |y PREZ  |7 0  |p 17A1262100  |o snklm L 1618  |i snklm 58/89  |8 7  |0 0  |1 0  |4 0  |d 2018-10-11  |f 1  |l 0  |r 2026-02-23 15:50:51  |w 2026-02-23